000 00471cam a2200145 4500500
005 20260322010217.0
041 _afre
042 _adc
100 1 0 _aBrunschwig, Hélène
_eauthor
245 0 0 _aStephen Eliot La métamorphose Éd. Bayard, préface de G. Jurgensen
260 _c2005.
500 _a1
786 0 _nDialogue | 167 | 1 | 2005-03-01 | p. I-I | 0242-8962
856 4 1 _uhttps://shs.cairn.info/revue-dialogue-2005-1-page-I?lang=fr&redirect-ssocas=7080
999 _c1754816
_d1754816